[Event "RUS-chT"]
[Site "Podolsk"]
[Date "1992.??.??"]
[Round "?"]
[White "Shliahtin, IE."]
[Black "Mukhametov, Eldar"]
[Result "1-0"]
[WhiteElo "2310"]
[BlackElo "2405"]

1.e4 c5 2.Nf3 d6 3.Bb5+ Nc6 4.O-O Bd7 5.Re1 Nf6 6.c3 a6 7.Ba4 b5 8.Bc2 c4
9.b3 g6 10.Qe2 Na5 11.e5 dxe5 12.Nxe5 Be6 13.b4 Nb7 14.a4 Bd5 15.d3 Nd6 16.Bg5 Bg7
17.axb5 axb5 18.Rxa8 Bxa8 19.dxc4 Nfe4 20.c5 Nxg5 21.cxd6 O-O 22.Nxg6 Qxd6
23.Nxe7+ Kh8 24.h4 Ne6 25.Qh5  1-0

[Event "RUS-chT"]
[Site "Podolsk"]
[Date "1992.??.??"]
[Round "?"]
[White "Zaitsev, Igor A"]
[Black "Epishin, Vladimir"]
[Result "0-1"]
[WhiteElo "2425"]
[BlackElo "2620"]

1.e4 c5 2.Nf3 d6 3.Bb5+ Nc6 4.O-O Bd7 5.c3 a6 6.Bxc6 Bxc6 7.Re1 Nf6 8.d4 Bxe4
9.Bg5 d5 10.Nbd2 Bg6 11.Qb3 c4 12.Qxb7 Qc8 13.Qb6 e6 14.b3 cxb3 15.axb3 Be7
16.c4 dxc4 17.bxc4 O-O 18.Ne5 Re8 19.Nc6 Bf8 20.Bxf6 gxf6 21.Ne4 Kg7 22.h4 a5
23.Rxa5 Rxa5 24.Nxa5 Qd8 25.Qxd8 Rxd8 26.Nb3 Rb8 27.Nbd2 Rb7 28.Nf3 Bb4 29.h5 Bxe1
30.hxg6 f5 31.gxf7 fxe4 32.Nxe1 Rd7 33.d5 exd5 34.cxd5 Kxf7 35.g3 Rxd5 36.Kf1 Rd7
37.Ng2 Kf6 38.Ne3  0-1

[Event "RUS-chT"]
[Site "Podolsk"]
[Date "1992.??.??"]
[Round "?"]
[White "Chekhov, Valery A"]
[Black "Panchenko, Alexander N"]
[Result "1/2-1/2"]
[WhiteElo "2550"]
[BlackElo "2460"]

1.e4 c5 2.Nf3 d6 3.Bb5+ Bd7 4.Bxd7+ Nxd7 5.O-O Ngf6 6.Qe2 e6 7.c3 Be7 8.d4 O-O
9.Rd1 cxd4 10.cxd4 Nb6 11.Nc3 Rc8 12.Rd3 Qc7 13.Bg5 h6 14.Bxf6 Bxf6 15.Rad1 Be7
16.d5 exd5 17.Nxd5 Nxd5 18.Rxd5 Qc4 19.Qxc4 Rxc4 20.Nd4 Rfc8 21.b3 Rc1 22.Nf5 Bf8
23.g3 Rxd1+ 24.Rxd1 Rc2 25.Nxd6 b6 26.a4  1/2-1/2

[Event "RUS-chT"]
[Site "Podolsk"]
[Date "1992.??.??"]
[Round "?"]
[White "Shliahtin, IE."]
[Black "Aseev, Konstantin N"]
[Result "0-1"]
[WhiteElo "2310"]
[BlackElo "2560"]

1.e4 c5 2.Nf3 d6 3.Bb5+ Bd7 4.Bxd7+ Qxd7 5.O-O Nf6 6.Re1 Nc6 7.d4 cxd4 8.Nxd4 e6
9.c4 Be7 10.Nc3 O-O 11.b3 a6 12.Nc2 Rab8 13.a4 Qc7 14.Ba3 Rfd8 15.Rc1 Qb6
16.b4 a5 17.b5 Ne5 18.Ne3 Rbc8 19.Qe2 Ned7 20.g4 g5 21.h4 h6 22.hxg5 hxg5
23.c5 dxc5 24.Nc4 Qc7 25.e5 Nh7 26.Bb2 Nb6 27.Nxb6 Qxb6 28.Ne4 Rd5  0-1

[Event "Ponferrada op"]
[Site "Ponferrada"]
[Date "1992.??.??"]
[Round "?"]
[White "Campora, Daniel H"]
[Black "Suba, Mihai"]
[Result "1/2-1/2"]
[WhiteElo "2550"]
[BlackElo "2520"]

1.e4 c5 2.Nf3 d6 3.Bb5+ Nd7 4.O-O a6 5.Be2 Ngf6 6.d3 g6 7.c4 Bg7 8.Nc3 O-O
9.Ng5 h6 10.Nh3 Nb8 11.f4 Nc6 12.g4 Nd4 13.f5 b5 14.Nf4 g5 15.Nfd5 e6 16.Nxf6+ Qxf6
17.Bf3 Qe5 18.Bg2 Rb8 19.Rb1 Re8 20.Qd2 bxc4 21.dxc4 Rb4 22.Qd3 Nc6 23.Be3 Na5
24.a3 Rxc4 25.Rbd1 exf5 26.gxf5 Bb7 27.Bf2 h5 28.Qe2 h4 29.Qg4 Qf4 30.Qxf4 gxf4
31.Rxd6 h3 32.Bh1 Bxc3 33.bxc3 Kh7 34.Rfd1 Rxc3 35.Rd7 Rg8+ 36.Kf1 Bc6 37.Rxf7+ Kh6
38.Rd6+ Kg5 39.Be1 Bb5+ 40.Kf2 Rc2+ 41.Rd2 Rc1 42.a4 Nc4 43.axb5 Nxd2 44.Bxd2 Rxh1
45.Kf3 Rf1+ 46.Ke2 Ra1 47.b6 Kg4 48.b7 f3+ 49.Kf2 Rb1 50.Rc7 Rb2 51.Ke3 f2
52.Rc8 f1=N+ 53.Kd3 Rxd2+ 54.Kc4 Rdd8 55.b8=Q Rxc8 56.Qd6 Rcd8 57.Qe6 Nxh2
58.f6+ Kg3 59.f7 Rh8 60.Qe5+ Kg2 61.Qg7+ Kf3 62.e5 Ng4 63.e6 h2 64.e7 Kg3
65.exd8=Q Rxd8 66.Qh7 a5 67.Qe4 a4 68.Qe1+ Kf4 69.Qf1+ Ke5 70.f8=Q Rxf8 71.Qxf8 h1=Q
72.Qxc5+ Kf6 73.Kb4 Qd1 74.Qc3+ Kg6 75.Qc6+ Nf6 76.Qxa4 Qd5 77.Ka3  1/2-1/2

[Event "Bohemians (Women)"]
[Site "Prague"]
[Date "1992.??.??"]
[Round "4"]
[White "Sikora Gizynska, Bozena"]
[Black "Buechle, Regina"]
[Result "1-0"]
[WhiteElo "2225"]
[BlackElo "2020"]

1.e4 c5 2.Nf3 d6 3.Bb5+ Bd7 4.Bxd7+ Qxd7 5.O-O Nc6 6.d4 cxd4 7.Nxd4 e6 8.c4 Nf6
9.Nc3 Be7 10.Nf3 O-O 11.Qe2 a6 12.b3 Ng4 13.Rd1 Qc7 14.Bb2 Bf6 15.Rac1 Nge5
16.Na4 Nxf3+ 17.Qxf3 Bxb2 18.Nxb2 e5 19.Na4 Nd4 20.Qd3 f5 21.Nc3 f4 22.f3 Qe7
23.Ne2 Nxe2+ 24.Qxe2 g5 25.h3 Rac8 26.Rc2 h5 27.Rcd2 Rf6 28.Rd5 Rc6 29.b4 Qc7
30.c5 b5 31.Qd3 Re6 32.Qd2 Kf7 33.Rxd6 Rcxd6 34.cxd6 Qa7+ 35.Kh2 Qd7 36.g3 Kf6
37.Kg2 Kf7  1-0

[Event "Reggio Emilia9192-B"]
[Site "Reggio Emilia"]
[Date "1992.??.??"]
[Round "2"]
[White "Mantovani, Renzo"]
[Black "Gavrikov, Viktor"]
[Result "0-1"]
[WhiteElo "2370"]
[BlackElo "2585"]

1.e4 c5 2.Nf3 d6 3.Bb5+ Bd7 4.Bxd7+ Nxd7 5.d4 cxd4 6.Qxd4 Ngf6 7.O-O e6 8.c4 Qc7
9.Nc3 a6 10.b3 Be7 11.Bb2 O-O 12.Rac1 Rac8 13.h3 Rfd8 14.Rc2 Bf8 15.Rfc1 Qb8
16.Qe3 Re8 17.Nh2 d5 18.cxd5 Bd6 19.g3 exd5 20.Nxd5 Nxd5 21.Qg5 N5f6 22.Rxc8 Rxc8
23.Rxc8+ Qxc8 24.Ng4 Ne8 25.Nh6+ Kf8 26.Nf5 f6 27.Qh5 h6 28.Qg4 Ne5 29.Qe2 Bc5
30.Kh2 Qd7 31.Qc2 Nf3+ 32.Kh1 Qb5 33.Qd1 Ng5 34.f3 Nxh3 35.Kg2 Ng5 36.e5 fxe5
37.Bxe5 Qc6 38.Qd3 Qe6 39.Bf4 g6 40.Bxg5 hxg5 41.Nh6 Nf6 42.Qc2 Qe3  0-1

[Event "Reykjavik"]
[Site "Reykjavik"]
[Date "1992.??.??"]
[Round "11"]
[White "Renet, Olivier"]
[Black "Arnason, Jon L"]
[Result "1/2-1/2"]
[WhiteElo "2495"]
[BlackElo "2515"]

1.e4 c5 2.Nf3 d6 3.Bb5+ Bd7 4.Bxd7+ Nxd7 5.O-O Ngf6 6.Qe2 e6 7.c3 Be7 8.d4 O-O
9.e5 Ne8 10.dxc5 Nxc5 11.Rd1 Qc8 12.Be3 Nd7 13.exd6 Nxd6 14.Bg5 Bxg5 15.Nxg5 Qc5
16.Na3  1/2-1/2

[Event "EU-ch U16"]
[Site "Rimavska Sobota"]
[Date "1992.??.??"]
[Round "?"]
[White "Oral, Tomas"]
[Black "Ruck, Robert"]
[Result "0-1"]
[WhiteElo "2320"]
[BlackElo "2325"]

1.e4 c5 2.Nf3 d6 3.Bb5+ Nd7 4.O-O Nf6 5.Re1 a6 6.Bf1 b6 7.d4 cxd4 8.Nxd4 Bb7
9.f3 e6 10.c4 Be7 11.Nc3 O-O 12.Be3 Rc8 13.Rc1 Qc7 14.g4 h6 15.Qd2 Ne5 16.h3 Qb8
17.b3 Ng6 18.Bg2 Nh4 19.Bh1 d5 20.Bf2 e5 21.Nc2 d4 22.Bxh4 dxc3 23.Qe2 b5
24.cxb5 axb5 25.Qxb5 Qa7+ 26.Bf2 Bc5 27.Ne3 Bd4 28.Qe2 Ra8 29.a4 Ba6 30.Qc2 Rab8
31.Bg2 Nd7 32.Bf1 Nc5 33.Rb1 Bxf1 34.Rxf1 Ne6 35.Nd5 Rfc8 36.Rfc1 Bxf2+ 37.Qxf2 Nd4
38.Kg2 c2 39.Rb2 Qd7 40.Ne3 Rc3 41.Nxc2 Rxf3 42.Qe1 Rfxb3 43.Rxb3 Rxb3 44.Nxd4 Qxd4
45.Qe2 Rb2 46.Rc2 Rb1 47.Qf2 Qxe4+ 48.Kg3 Rb3+ 49.Kh2 Rf3 50.Rc8+ Kh7 51.Qc2 Qxc2+
52.Rxc2 Ra3 53.Rc7 f6 54.Ra7 h5 55.gxh5 Kh6 56.a5 Kxh5 57.Rxg7 Rxa5 58.Kg3 Ra3+
59.Kg2 f5 60.Re7 e4 61.Rg7  0-1

[Event "EU-ch U14 Girls"]
[Site "Rimavska Sobota"]
[Date "1992.??.??"]
[Round "?"]
[White "Lakos, Nikoletta"]
[Black "Peptan, Corina"]
[Result "1/2-1/2"]
[WhiteElo "2175"]
[BlackElo "2315"]

1.e4 c5 2.Nf3 d6 3.Bb5+ Bd7 4.Bxd7+ Qxd7 5.c4 Nf6 6.Nc3 Nc6 7.d4 cxd4 8.Nxd4 g6
9.f3 Bg7 10.Be3 O-O 11.O-O Rfc8 12.b3 Qd8 13.Qd2 a6 14.Qf2 Nd7 15.Rfd1 Rab8
16.Rac1 Qe8 17.Nd5 e6 18.Nxc6 bxc6 19.Nc3 Bf8 20.f4 c5 21.Rd3 f5 22.Bd2 Nf6
23.Re1 Qf7 24.h3 Re8 25.Qf3 Rbd8 26.Rde3 Bg7 27.Kh1 Qb7 28.Qe2 Nh5 29.exf5 Bd4
30.Qf3 Qxf3 31.Rxf3 exf5 32.Nd5 Re4 33.g4 Rde8 34.Rd1 Ng7 35.Bc3 Bxc3 36.Nxc3 Re1+
37.Rxe1 Rxe1+ 38.Kg2 Ne6 39.Nd5 Nd4 40.Rf2 Kf7 41.Nc7 a5 42.Nd5 Ra1 43.Rd2 Rc1
44.Nb6 Ke6 45.g5 Kf7  1/2-1/2

[Event "Rishon Le Ziyyon"]
[Site "Rishon Le Ziyyon"]
[Date "1992.??.??"]
[Round "10"]
[White "Veinger, Itzchak"]
[Black "Afek, Yochanan"]
[Result "0-1"]
[WhiteElo "2380"]
[BlackElo "2365"]

1.e4 c5 2.Nf3 d6 3.Bb5+ Bd7 4.Bxd7+ Nxd7 5.O-O Ngf6 6.Re1 g6 7.c3 Bg7 8.d4 O-O
9.e5 dxe5 10.dxe5 Ng4 11.e6 Nde5 12.exf7+ Rxf7 13.Qxd8+ Rxd8 14.Nxe5 Bxe5
15.f4 Bxf4 16.Bxf4 Rxf4 17.h3 Nf2 18.Na3 Rd2 19.b3 Nd3 20.Re3 Nb2 21.Rae1 Rff2
22.Rg3 Kf7 23.Nb5 h5 24.h4 Rf4 25.Nc7 Nd3 26.Ra1 Rxh4 27.Rf1+ Rf4 28.Rff3 Rxf3
29.Rxf3+ Kg8 30.Ne6 Ne5 31.Rf8+ Kh7 32.Re8 Nc6 33.Nxc5 b6 34.Ne6 Rxa2 35.Rc8 Ne5
36.Rc7 Ng4 37.Rxe7+ Kh6 38.g3 Ra1+ 39.Kg2 Ra2+ 40.Kg1 Re2 41.Re8 g5 42.Rh8+ Kg6
43.Nc7 Re3 44.Rg8+ Kf7  0-1

[Event "ROM-chT"]
[Site "?"]
[Date "1992.??.??"]
[Round "?"]
[White "Biro, Sandor"]
[Black "Milu, Romeo Sorin"]
[Result "0-1"]
[WhiteElo "2255"]
[BlackElo "2400"]

1.e4 c5 2.Nf3 d6 3.Bb5+ Nc6 4.c3 Bd7 5.O-O Nf6 6.Re1 a6 7.Bxc6 Bxc6 8.d4 Bxe4
9.Bg5 Bd5 10.Nbd2 e6 11.c4 Bxf3 12.Qxf3 cxd4 13.Qxb7 Qc8 14.Qf3 Be7 15.Nb3 h6
16.Bh4 Rb8 17.Rac1 O-O 18.Nxd4 Rxb2 19.c5 dxc5 20.Nf5 exf5 21.Rxe7 Ne4 22.g4 Rb4
23.gxf5 Nd2 24.Qc3 Rxh4 25.Qxd2 Rg4+ 26.Kf1 Qxf5 27.Qe3 c4 28.h3 Rf4 29.Rc3 Qf6
30.Rc2 Rf3 31.Qe5 Qh4 32.Re8 Rxe8 33.Qxe8+ Kh7 34.Qc6 Qxh3+ 35.Ke2 Rxf2+  0-1

[Event "ROM-chT"]
[Site "?"]
[Date "1992.??.??"]
[Round "?"]
[White "Sheremetieva, Marina"]
[Black "Ionescu Ilie, Viorica"]
[Result "1/2-1/2"]
[WhiteElo "2195"]
[BlackElo "2175"]

1.e4 c5 2.Nf3 d6 3.Bb5+ Bd7 4.Bxd7+ Qxd7 5.c4 Nc6 6.Nc3 Nf6 7.O-O g6 8.d4 cxd4
9.Nxd4 Bg7 10.Be3 Ng4 11.Nc2 Nxe3 12.Nxe3 O-O 13.Qd2 Rac8 14.Rad1 Rfe8 15.Ncd5 Ne5
16.b3 Qc6 17.Kh1 b5 18.f4 Nd7 19.e5 dxe5 20.Nb4 Qc5 21.Qxd7 Qxb4 22.fxe5 bxc4
23.Nxc4 Qc5 24.Rd5 Qc6  1/2-1/2

[Event "ROM-chT"]
[Site "?"]
[Date "1992.??.??"]
[Round "?"]
[White "Hegedus, Iuliu"]
[Black "Baciu, Stefan"]
[Result "1/2-1/2"]
[WhiteElo "2290"]
[BlackElo "2265"]

1.e4 c5 2.Nf3 d6 3.Bb5+ Bd7 4.Bxd7+ Qxd7 5.c4 Nc6 6.d4 cxd4 7.Nxd4 g6 8.f3 Bg7
9.Be3 Nf6 10.Qd2 O-O 11.Nc3 Rfc8 12.b3 Nxd4 13.Bxd4 Ne8 14.O-O Bxd4+ 15.Qxd4 Rc5
16.Rad1 Qe6 17.Nd5 b5 18.cxb5 Rxb5 19.Rc1 Rb7 20.Rc4 Qe5 21.Qxe5 dxe5 22.Rfc1 f6  1/2-1/2

[Event "Roses"]
[Site "Roses"]
[Date "1992.??.??"]
[Round "8"]
[White "Ivanov, Al"]
[Black "Spraggett, Kevin"]
[Result "1/2-1/2"]
[WhiteElo "2360"]
[BlackElo "2545"]

1.e4 c5 2.Nf3 d6 3.Bb5+ Nd7 4.d4 Nf6 5.Nc3 a6 6.Bxd7+ Nxd7 7.Bg5 h6 8.Be3 e6
9.dxc5 dxc5 10.a4 Be7 11.a5 b5 12.axb6 Qxb6 13.Na4 Qc7 14.O-O O-O 15.Nd2  1/2-1/2

[Event "EU-ch U20"]
[Site "Sas van Gent"]
[Date "1992.??.??"]
[Round "5"]
[White "Turner, Matthew"]
[Black "Demirel, Tolga"]
[Result "1-0"]
[WhiteElo "2325"]
[BlackElo "2335"]

1.e4 c5 2.Nf3 d6 3.Bb5+ Bd7 4.Bxd7+ Qxd7 5.O-O Nc6 6.c3 Nf6 7.d4 cxd4 8.cxd4 Nxe4
9.d5 Ne5 10.Nxe5 dxe5 11.Re1 Nd6 12.Rxe5 g6 13.Bg5 h6 14.Bf6 Rg8 15.Re2 O-O-O
16.Bd4 Kb8 17.Nc3 Bg7 18.Bxg7 Rxg7 19.Qd4 Rgg8 20.Rae1 Rge8 21.Qh4 Nf5 22.Qf4+ Qc7
23.Qxc7+ Kxc7 24.g4 Nd6 25.Rxe7+ Rxe7 26.Rxe7+ Rd7 27.Rxd7+ Kxd7 28.Kg2 Nc4
29.b3 Ne5 30.Kg3 Nd3 31.Kf3 Kd6 32.Ke3 Nb4 33.Kd4 Nc2+ 34.Kd3 Ne1+ 35.Ke4 a6
36.Nd1 Nc2 37.Ne3 Nb4 38.a3 Na2 39.Nc4+ Ke7 40.f4 Nc3+ 41.Kd4 Ne2+ 42.Kc5 Nxf4
43.d6+ Kd7 44.Kb6 Nd3 45.Kxb7 f5 46.gxf5 gxf5 47.Kxa6 f4 48.Kb5 f3 49.Nd2 f2
50.Kc4 Ne5+ 51.Kd5 Nf7 52.Kd4 Kxd6 53.Ke3 Kc6 54.Kxf2  1-0

[Event "EU-ch U20"]
[Site "Sas van Gent"]
[Date "1992.??.??"]
[Round "5"]
[White "Rasik, Vitezslav"]
[Black "Ceteras, Marius"]
[Result "1-0"]
[WhiteElo "2385"]
[BlackElo "2320"]

1.e4 c5 2.Nf3 d6 3.Bb5+ Nc6 4.O-O Bd7 5.c3 Nf6 6.Re1 a6 7.Ba4 b5 8.Bc2 Bg4
9.d3 Bxf3 10.Qxf3 g6 11.Be3 Bg7 12.d4 cxd4 13.cxd4 O-O 14.Nc3 Rc8 15.Rad1 Nd7
16.Bb1 e5 17.Ne2 exd4 18.Nxd4 Nxd4 19.Bxd4 Bxd4 20.Rxd4 Ne5 21.Qe2 Rc6 22.Red1 Qb6
23.h3 Rfc8 24.Kh2 Rc1 25.Rxd6 Qb8 26.f4 Rxb1 27.fxe5 Rxd1 28.Qxd1 Re8 29.Qd5 Qc7
30.a3 Qc1 31.Rf6 Qc7 32.Rd6 Qc1 33.Rf6 Qc7 34.Rc6 Qxe5+ 35.Qxe5 Rxe5 36.Rxa6 b4
37.Ra4 bxa3 38.bxa3 Kg7 39.Kg3 Rb5 40.Rb4 Rc5 41.a4 Rc2 42.a5 Ra2 43.Rb5 Kf6
44.Kf3 h5 45.h4 Ke6 46.Rb6+ Ke5 47.Rb5+ Ke6 48.g3 Kf6 49.Kf4 Kg7 50.Ke5 Ra3
51.Kd6 Rf3 52.Kc6 g5 53.a6 gxh4 54.a7 Ra3 55.Kb7 Kg6 56.Rb6+ Kg5 57.Ra6  1-0

[Event "Sevilla op"]
[Site "Sevilla"]
[Date "1992.??.??"]
[Round "1"]
[White "Franco Ocampo, Zenon"]
[Black "Moreno, A."]
[Result "1-0"]
[WhiteElo "2520"]
[BlackElo "2270"]

1.Nf3 c5 2.e4 d6 3.Bb5+ Bd7 4.Bxd7+ Qxd7 5.O-O Nc6 6.c3 Nf6 7.d4 Nxe4 8.d5 Nb8
9.Re1 Nf6 10.Bg5 Qf5 11.Bxf6 gxf6 12.Na3 Bh6 13.Qa4+ Nd7 14.Nb5 O-O 15.Rxe7 Ne5
16.Nxe5 fxe5 17.Nxd6 Qf6 18.Rd7 Kh8 19.Re1 Rad8 20.g3 b5 21.Qxb5 Rb8 22.Qe2 Bf4
23.gxf4 Rg8+ 24.Kh1 exf4 25.Nxf7+ Kg7 26.Ng5+  1-0

[Event "Simferopol (Women)"]
[Site "Simferopol"]
[Date "1992.??.??"]
[Round "10"]
[White "Ungure, Liga"]
[Black "Belakovskaia, Anjelina"]
[Result "1/2-1/2"]
[WhiteElo "2225"]
[BlackElo "2290"]

1.e4 c5 2.Nf3 d6 3.Bb5+ Bd7 4.Bxd7+ Qxd7 5.c4 Qg4 6.O-O Qxe4 7.d4 cxd4 8.Nxd4 Nc6
9.Nb5 O-O-O 10.Be3 Qxc4 11.Nxa7+ Nxa7 12.Bxa7 Kd7 13.Na3 Qa6 14.Bd4 e6 15.Rc1 Ne7
16.Qh5 e5 17.Bxe5 f6 18.Bxd6 g6 19.Qf3 Nc6 20.Bxf8 Rhxf8 21.Rfd1+ Ke7 22.Qe4+ Kf7
23.Qc4+ Qxc4 24.Nxc4 Ke6 25.h3  1/2-1/2

[Event "Simferopol (Women)"]
[Site "Simferopol"]
[Date "1992.??.??"]
[Round "21"]
[White "Ungure, Liga"]
[Black "Nepeina Leconte, Maria"]
[Result "0-1"]
[WhiteElo "2225"]
[BlackElo "2210"]

1.e4 c5 2.Nf3 d6 3.Bb5+ Bd7 4.Bxd7+ Nxd7 5.c4 Ngf6 6.Nc3 e6 7.d4 cxd4 8.Qxd4 Be7
9.O-O O-O 10.b3 a6 11.Bb2 Qa5 12.Rfe1 Rac8 13.h3 Rfd8 14.Qd2 Ne5 15.Nh2 b5
16.cxb5 axb5 17.f4 b4 18.Na4 Nc4 19.bxc4 Qxa4 20.Qe2 Qa6 21.Rec1 Qc6 22.e5 dxe5
23.Bxe5 Bc5+ 24.Kh1 Ne4 25.Nf1 f6 26.Bb2 Rd2 27.Qxd2 Nxd2 28.Nxd2 Be3 29.Rc2 Bxf4
30.Nf3 Qe4 31.Ne1 Rxc4 32.Rxc4 Qxc4 33.Nf3 e5 34.g4 Qe2  0-1

[Event "Simferopol (Women)"]
[Site "Simferopol"]
[Date "1992.??.??"]
[Round "65"]
[White "Ungure, Liga"]
[Black "Litinskaya, Marta I"]
[Result "0-1"]
[WhiteElo "2225"]
[BlackElo "2370"]

1.e4 c5 2.Nf3 d6 3.Bb5+ Bd7 4.Bxd7+ Qxd7 5.c4 Nc6 6.d4 cxd4 7.Nxd4 Nf6 8.Nc3 e6
9.O-O Be7 10.Be3 O-O 11.f3 Rfd8 12.Qd2 Ne5 13.b3 d5 14.cxd5 exd5 15.exd5 Nxd5
16.Nxd5 Qxd5 17.Rad1 Bf6 18.Qb4 h6 19.Rd2 a5 20.Qb5 a4 21.Rfd1 Qxb5 22.Nxb5 Rxd2
23.Rxd2 axb3 24.axb3 Ra1+ 25.Kf2 Rb1 26.Nd4 Kh7 27.Ke2 Ng6 28.Kf2 Bxd4 29.Rxd4 Rxb3
30.Rd7 Ne5 31.Re7 f6 32.Rc7 h5 33.Bd4 Nd3+ 34.Ke3 Nc5+ 35.Kf2 Ne6  0-1

[Event "Slupsk op"]
[Site "Slupsk"]
[Date "1992.??.??"]
[Round "?"]
[White "Dawidow, Jacek"]
[Black "Kaminski, Marcin"]
[Result "1/2-1/2"]
[WhiteElo "2375"]
[BlackElo "2440"]

1.e4 c5 2.Nf3 d6 3.Bb5+ Bd7 4.Bxd7+ Qxd7 5.c4 Nc6 6.O-O g6 7.d4 cxd4 8.Nxd4 Nf6
9.f3 Bg7 10.Be3 O-O 11.Nc3 e6 12.Qd2 Rfd8 13.Rfd1 d5 14.cxd5 exd5 15.exd5 Nb4
16.Bg5 Nbxd5 17.Ndb5 a6 18.Nxd5 Qxd5 19.Nc3 Qxd2 20.Rxd2 Rxd2 21.Bxd2 b5
22.a3 Nd7 23.Rd1 Ne5 24.b3 Nd3 25.Kf1 Nc5 26.b4 Nb3 27.Nd5 Nxd2+ 28.Rxd2 Kf8
29.Nc7 Ra7 30.Rd7 Kg8 31.Rd8+ Bf8 32.Rc8 h6  1/2-1/2

[Event "Alekhine op"]
[Site "Smolensk"]
[Date "1992.??.??"]
[Round "1"]
[White "Kovalevskaya, Ekaterina"]
[Black "Veselovsky, Sergey"]
[Result "1/2-1/2"]
[WhiteElo "2260"]
[BlackElo "2405"]

1.e4 c5 2.Nf3 d6 3.Bb5+ Bd7 4.Bxd7+ Qxd7 5.c4 Nc6 6.O-O Nf6 7.Nc3 Ne5 8.d3 Nxf3+
9.Qxf3 g6 10.h3 Bg7 11.Be3 Rc8 12.Rac1 O-O 13.b3 Ne8 14.Qd1 b6 15.d4 Qb7
16.Qd3 Nc7 17.Ne2 Na6 18.d5 b5 19.Qd2 Rfe8 20.Bh6 Bh8 21.cxb5 Qxb5 22.Rc4 Nb4
23.Nc3 Qb7 24.Be3 Rcd8 25.Na4 Qb5 26.Rd1 Rc8 27.Nc3 Qb7 28.Na4 Qb5 29.Nc3 Qb7
30.Na4  1/2-1/2

[Event "Alekhine op"]
[Site "Smolensk"]
[Date "1992.??.??"]
[Round "3"]
[White "Zakharov, Alexander V"]
[Black "Utemov, Vladimir"]
[Result "1/2-1/2"]
[WhiteElo "2365"]
[BlackElo "2430"]

1.e4 c5 2.Nf3 d6 3.Bb5+ Bd7 4.c4 Nc6 5.O-O Nf6 6.Nc3 e6 7.d4 cxd4 8.Nxd4 Be7
9.Be3 O-O 10.h3 a6 11.Nxc6 Bxc6 12.Bxc6 bxc6 13.Qa4 Qc7 14.Rac1 Qb7 15.Qc2 Rac8
16.Rfd1 Rfd8 17.Na4 Nd7 18.b3 c5 19.Rd2  1/2-1/2

[Event "Alekhine op"]
[Site "Smolensk"]
[Date "1992.??.??"]
[Round "7"]
[White "Kovalevskaya, Ekaterina"]
[Black "Nikuljshin, Konstantin"]
[Result "0-1"]
[WhiteElo "2260"]
[BlackElo "2395"]

1.e4 c5 2.Nf3 d6 3.Bb5+ Bd7 4.c4 Bxb5 5.cxb5 Nf6 6.Nc3 e6 7.O-O Be7 8.d4 cxd4
9.Qxd4 O-O 10.h3 a6 11.bxa6 Nc6 12.Qd1 Rxa6 13.Be3 Qa5 14.a3 Raa8 15.Rc1 Qa6
16.Nd4 Ne5 17.Ncb5 Rac8 18.Nc7 Qd3 19.Ndb5 Nxe4 20.Qxd3 Nxd3 21.Rc2 d5 22.Na7 Rcd8
23.Ncb5 Bf6 24.Bb6 Rd7 25.b3 Bd8 26.Bxd8 Rfxd8 27.Rd1 Ne5 28.f3 Nf6 29.Nd4 Ng6
30.Nab5 e5 31.Nf5 d4 32.Rcd2 Nd5 33.g3 Nf8 34.Kf2 f6 35.Nh4 Ne6 36.b4 Nb6
37.Rc1 Kf7 38.Ng2 f5 39.g4 e4 40.gxf5 e3+ 41.Ke2 exd2 42.fxe6+ Kxe6 43.Kxd2 Kf5
44.Kd3 Rd5 45.Nc7 Re5 46.f4 Re7 47.Nb5 Kf6 48.Re1 Rxe1 49.Nxe1 Nd5 50.Ng2 Ne7
51.Nh4 Nc6  0-1

[Event "St Petersburg-ch op"]
[Site "St Petersburg"]
[Date "1992.??.??"]
[Round "?"]
[White "Frolov, Y."]
[Black "Agrest, Evgenij"]
[Result "1/2-1/2"]
[WhiteElo "2360"]
[BlackElo "2485"]

1.e4 c5 2.Nf3 d6 3.Bb5+ Nd7 4.d4 Nf6 5.O-O a6 6.Bxd7+ Nxd7 7.e5 e6 8.exd6 Bxd6
9.Nc3 O-O 10.Bg5 f6 11.Be3 Qc7 12.Ne4 Be7 13.d5 exd5 14.Qxd5+ Kh8 15.Rad1 Nb6
16.Qh5 Be6 17.Nxc5 Bf7 18.Qf5 g6 19.Ne6 Qc6 20.Nfd4 Qc8 21.Qh3 Re8 22.Rfe1 Nc4
23.Bc1 Ne5 24.c3 Bd6 25.f4 Bxe6 26.Nxe6 Qxe6 27.Qxe6 Rxe6 28.fxe5 Bxe5 29.Bf4 Rae8
30.Bxe5 fxe5 31.Rd7 R8e7 32.Red1 Kg7 33.Kf2 Kf6 34.Ke3 Rb6 35.b3 Rc6 36.c4 Rxd7
37.Rxd7 b5 38.cxb5 axb5 39.Kd3 Ra6 40.Rxh7 Rxa2 41.g3 Rf2 42.Ke4 Rb2 43.Rb7 Rxb3
44.Rb6+ Kg5 45.Kxe5 Rb2 46.h4+ Kh5 47.Kf4  1/2-1/2

[Event "St Petersburg"]
[Site "St Petersburg"]
[Date "1992.??.??"]
[Round "?"]
[White "Tseitlin, Mark D"]
[Black "Lerner, Konstantin Z"]
[Result "1/2-1/2"]
[WhiteElo "2440"]
[BlackElo "2515"]

1.e4 c5 2.Nf3 d6 3.Bb5+ Bd7 4.Bxd7+ Qxd7 5.c4 Nc6 6.O-O Nf6 7.Nc3 g6 8.d4 cxd4
9.Nxd4 Bg7 10.Nde2 O-O 11.f3 a6 12.Be3 Ne5 13.b3 b5 14.Nd5 Qb7 15.Nb6 Rab8
16.cxb5 axb5 17.Nc3 b4 18.Nca4 Rfd8 19.Qe2 d5 20.exd5 Nxd5 21.Nxd5 Rxd5 22.Rad1 Rbd8
23.Nb6 R5d6 24.Nc4 Qb5 25.Rxd6 exd6 26.Rd1 d5 27.Rd2 Nc6 28.Nb6 Qxe2 29.Rxe2 d4
30.Bf2 d3 31.Rd2 Bc3 32.Rd1 f6 33.Be3 Kf7 34.Kf2 h5 35.Na4 Ne5 36.Bd2 Rc8
37.Ke3 g5 38.Rc1 Bxd2+ 39.Kxd2 Rxc1 40.Kxc1 Ke6 41.Kd2 Kd5 42.Ke3 f5 43.Nb6+ Kc5
44.Na4+ Kd5  1/2-1/2

[Event "Stare Mesto"]
[Site "Stare Mesto"]
[Date "1992.??.??"]
[Round "7"]
[White "Lanc, Alois"]
[Black "Hracek, Zbynek"]
[Result "0-1"]
[WhiteElo "2460"]
[BlackElo "2480"]

1.e4 c5 2.Nf3 d6 3.Bb5+ Nc6 4.O-O Bd7 5.Re1 Nf6 6.c3 a6 7.Bxc6 Bxc6 8.d4 Bxe4
9.Bg5 d5 10.Nbd2 Bxf3 11.Qxf3 cxd4 12.Bxf6 gxf6 13.Qxf6 Rg8 14.Qxd4 Qd7 15.Nf1 O-O-O
16.Rad1 e6 17.Ng3 Qc7 18.Qh4 Bc5 19.Rd3 Rg7 20.c4 d4 21.a3 Kb8 22.b4 Be7
23.Qe4 Qxc4 24.Red1 Qd5 25.Qxd5 Rxd5 26.Rxd4 Rxd4 27.Rxd4 Kc7 28.Rc4+ Kd7
29.Rf4 f5 30.h3 b5 31.Rd4+ Kc6 32.Rd2 Bg5 33.Rc2+ Kd6 34.Ne2 Rc7 35.Ra2 Rc4
36.g3 h5 37.Kg2 Kd5 38.Ng1 e5 39.Nf3 Bf6 40.Kf1 e4 41.Nd2 Rc1+ 42.Kg2 Ra1
43.Rc2 Rxa3 44.Rc5+ Ke6 45.g4 fxg4 46.hxg4 e3 47.Ne4 e2 48.Rc1 Ra1  0-1

[Event "Rilton Cup"]
[Site "Stockholm"]
[Date "1992.??.??"]
[Round "2"]
[White "Kaiszauri, Konstanty"]
[Black "Ostergaard, Dan"]
[Result "1-0"]
[WhiteElo "2340"]
[BlackElo "2235"]

1.e4 c5 2.Nf3 d6 3.Bb5+ Bd7 4.Bxd7+ Qxd7 5.O-O Nc6 6.c3 Nf6 7.d4 Nxe4 8.d5 Ne5
9.Re1 Nxf3+ 10.Qxf3 Nf6 11.b4 e6 12.bxc5 dxc5 13.dxe6 fxe6 14.Na3 Rc8 15.Bg5 Be7
16.Rad1 Qc6 17.Qh3 O-O 18.Qxe6+ Qxe6 19.Rxe6 Rcd8 20.Rde1 Rf7 21.Nc4 Nd5
22.h4 Bxg5 23.hxg5 Rdf8 24.Ne5 Rc7 25.c4 Nf4 26.Rd6 Re7 27.Nf3 Rxe1+ 28.Nxe1 Ne2+
29.Kh2 Rxf2 30.Rd2 Rf4 31.Rxe2 Rxc4 32.Nf3 Kf8 33.Kg3 b5 34.Ne5 Rd4 35.Nc6 Rd7
36.Re5 c4 37.Rxb5 c3 38.Rc5 Rd3+ 39.Kf4 Rd2 40.Nb4 Rd4+ 41.Kf5 Rxb4 42.Rxc3 g6+
43.Ke6 Rb6+ 44.Kd5 Ra6 45.Rc8+ Ke7 46.Rc7+ Kd8 47.Rxh7 Rxa2 48.Ke6 a5 49.g4 Rb2
50.Ra7 Rb4 51.Ra8+ Kc7 52.Rxa5 Rxg4 53.Kf6 Kd7 54.Re5 Rg1 55.Kxg6 Rg2 56.Kf6 Rf2+
57.Rf5 Ra2 58.g6 Ra8 59.Kf7 Ra7 60.g7 Kd6+ 61.Kg6  1-0

[Event "Rilton Cup"]
[Site "Stockholm"]
[Date "1992.??.??"]
[Round "8"]
[White "Lyrberg, Patrik"]
[Black "Bator, Robert"]
[Result "1-0"]
[WhiteElo "2425"]
[BlackElo "2345"]

1.e4 c5 2.Nf3 d6 3.Bb5+ Nc6 4.O-O Bd7 5.c3 Nf6 6.Re1 a6 7.Bxc6 Bxc6 8.d4 Bxe4
9.Bg5 Bd5 10.Nbd2 c4 11.b3 b5 12.bxc4 bxc4 13.Nf1 Rc8 14.Ne3 Ba8 15.d5 Qa5
16.Bxf6 gxf6 17.Rb1 Rg8 18.Nxc4 Rxc4 19.Rb8+ Kd7 20.Rxa8 e6 21.Qb1 Rh8 22.Nd4 Rxc3
23.dxe6+ fxe6 24.Nxe6 Qb5 25.Nxf8+  1-0

[Event "POL-ch (Women)"]
[Site "Swieradow"]
[Date "1992.??.??"]
[Round "6"]
[White "Sikora Gizynska, Bozena"]
[Black "Bednarska, Malgorzata"]
[Result "1/2-1/2"]
[WhiteElo "2225"]
[BlackElo "2150"]

1.e4 c5 2.Nf3 d6 3.Bb5+ Nc6 4.O-O Bd7 5.c3 Nf6 6.Re1 a6 7.Bxc6 Bxc6 8.d4 Bxe4
9.Bg5 Bg6 10.Qb3 Qd7 11.Nbd2 Qb5 12.Bxf6 gxf6 13.Qd5 e6 14.a4 Qc6 15.Qb3 Be7
16.c4 Qc7 17.Qe3 O-O 18.Nh4 cxd4 19.Qxd4 Qc5 20.Qc3 d5 21.Nxg6 hxg6 22.cxd5 Qxd5
23.Ne4 e5 24.Qc7 Qe6 25.Rad1 Rad8 26.Qxb7 Rb8 27.Qa7 f5 28.Nc5 Bxc5 29.Qxc5 Rfc8
30.Qxe5 Qxe5 31.Rxe5 Rxb2 32.Ra5 Rcc2 33.Rf1 Rc6 34.Rd5 Rc4 35.Ra5 Rc6 36.Rd5 Ra2
37.a5 Rc4 38.g3 Rca4 39.Re1 Rxa5 40.Rd8+ Kg7 41.Re7 f4 42.g4 f3 43.h3 Re2
44.Rdd7 Rxe7 45.Rxe7 Ra3 46.Kh2 g5 47.Re5 Kg6 48.Kg3 a5 49.Rb5 Kf6  1/2-1/2

[Event "SWZ-chI op"]
[Site "?"]
[Date "1992.??.??"]
[Round "5"]
[White "Cladouras, Panagiotis"]
[Black "Belotti, Bruno"]
[Result "0-1"]
[WhiteElo "2335"]
[BlackElo "2405"]

1.e4 c5 2.Nf3 d6 3.Bb5+ Bd7 4.Bxd7+ Qxd7 5.O-O Nc6 6.c4 g6 7.d4 cxd4 8.Nxd4 Bg7
9.Be3 Nf6 10.f3 O-O 11.Nc3 e6 12.Qd2 Ne5 13.b3 Rfd8 14.h3 d5 15.cxd5 exd5
16.f4 Nc6 17.e5 Ne8 18.Rad1 Nc7 19.Na4 b6 20.Nc3 Ne7 21.Nce2 Ne6 22.Bf2 Nc5
23.Bh4 Ne4 24.Qe3 Rac8 25.Rc1 Re8 26.Bxe7 Qxe7 27.Nc3 Nxc3 28.Rxc3 f6 29.Rxc8 Rxc8
30.Re1 fxe5 31.fxe5 Qc5 32.Kh1 Re8 33.Qf4 Qf8 34.Qg3 Bh6 35.Qd3 Qf4 36.Nf3 Rd8
37.e6 Qd6 38.Nd4 Re8 39.Qf3 Re7 40.Qg4 Bg7 41.Nb5 Qc5 42.a4 a6 43.Qg5 axb5  0-1